000 00677nam a22001937a 4500
005 20251108164321.0
008 250721s1976 xx 000 0 ara d
082 1 4 _a811.634/عبد
100 1 _aالعبود، عبد الكريم توفيق
245 1 0 _aالشعر العربي في العراق من سقوط السلاجقة حتى سقوط بغداد 547 - 656هـ /
264 1 _aبغداد :
_bوزارة الاعلام،
_c1976.
300 _a353ص : مراجع
490 0 _aالكتب الحديثة ؛97
650 1 7 _aالشعر العربي
650 1 7 _aالسلاجقة 1040-1308
650 1 7 _aالنقد الأدبي
942 _2ddc
_cBK
999 _c9154
_d9154